LDR 00726naa#a2200217#i#450# 001 EN\\bibl\118652 005 20260417053755.5 011 ## _a1994-4683 100 ## _a20230428b2023####ek#y0engy0150####ca 102 ## _aRU 200 1# _aEVALUATION OF THE EFFICIENCY OF THE PHYSICAL FITNESS PROGRAM FOR 13-14 YEARS-OLD FOOTBALL PLAYERS _eJournal article 210 1# _aMoscow _cNational State University of Physical Education, Sports and Health named after P.F. Lesgaft _d2023 215 ## _a5 с. 608 ## _aJournal article _2local 675 ## _aФутбол. 796.332 _z 700 #1 _aAveryanov _gI V 700 #1 _aMishchenko _gS N 700 #1 _aUmarov _gM M 700 #1 _aSmirnov _gA G 700 #1 _aYArkhamov _gR M 856 4# _auchzapiski.lesgaft.spb.ru _u